000 00883cam a2200313 i 4500
001 12285
003 BD-RjUL
005 20211208235252.0
008 140128s1980 nyua b 001 0 eng
020 _a0024024503
035 _a(BD-RjUL)12334
040 _aDLC
_cDLC
_dBD-RjUL
_beng
041 _aeng
060 _aWB400.3 R658b
082 0 0 _a613.2
_bROB 1980
100 1 _aRobinson, Corinne H.
_q(Corinne Hogden)
_938148
245 1 0 _aBasic nutrition and diet therapy /
_cCorinne H. Robinson.
250 _a4th ed.
260 _aNew York :
_bMacmillan,
_cc1980.
300 _aix, 383 p. :
_bill. ;
_c24 cm.
504 _aIncludes bibliographies and index.
650 0 _aDiet therapy.
_938149
650 0 _aNutrition.
_938150
650 2 _aDiet therapy.
_938151
650 2 _aNutrition.
_938152
942 _2ddc
_cBK
999 _c12285
_d12285